000 00623nam a22002537a 4500
001 BS2023000561
003 BR-BrBNA
005 20231207134217.0
008 231207b bl.||||| |||| 00| 0 por d
020 _a85-325-0115-X
040 _aBR-BrBNA
_bpor
041 _apor
072 _aS85
100 _4aut.
_aGrisham, John
245 _aA firma /
_cJohn Grisham
250 _a4 ed.
260 _aRio de Janeiro, RJ :
_bRocco,
_c1992.
300 _a437 p.
650 _aFICÇÃO ESTADUNIDENSE
856 _yTexto integral
909 _a202312
_bAna Lívia
942 _cBK
999 _c259903
_d259903